| 000 | 00642nam a2200217 4500 | ||
|---|---|---|---|
| 005 | 20260227120713.0 | ||
| 010 | _aBACEN26 | ||
| 020 |
_a9789347377624 _c4500.00(Set of 3) |
||
| 020 | _a9789347377556 | ||
| 020 | _a9789347377105 | ||
| 037 | _bEss Ess Publication | ||
| 082 | _223 | ||
| 100 |
_aSehgal, R.L. _987655 |
||
| 245 |
_aDewey Decimal Classification/ _cR.L.Sehgal |
||
| 250 | _a23 | ||
| 260 |
_aNew Delhi _bEss Ess Publications _c2026 |
||
| 270 |
_a4831/24, Ansari Road Daryaganj, _bNew Delhi _e110002 _k6399373993 _messesspublications@gmail.com |
||
| 300 |
_a874p. _bIndex _c22cm(hb) |
||
| 490 | _v1,2,3 | ||
| 942 |
_2ddc _cEN _mSEH |
||
| 999 |
_c215098 _d215098 |
||